000 00667nam a2200217Ia 4500
003 OSt
005 20230509095519.0
008 210423s2011 xx 000 0 und d
020 _a-
040 _cAL
041 _aeng
082 _a570.02 THAV
_223
100 _aTHAKUR (Vasant Kumar),Ed
_9100266
245 _aBookhives UGC NET previous year solved papers includes paper II and III: life sciences
260 _aNew Delhi
_bBookhive
_c2011
300 _a104
_bPB
365 _b160
_cINR
650 _aLife Sciences
_9100267
906 _aBookhives ; III: ; includes ; life ; NET ; paper ; papers ; previous ; sciences ; solved ; UGC ; year
942 _2ddc
_cBK
999 _c164521
_d164521